000 00451nam a22001457a 4500
999 _c8970
_d8970
003 GBCCL
005 20241126110702.0
008 220209b ||||| |||| 00| 0 eng d
040 _cgbc
082 _aVER 234.7
_bGIN
245 _aGingtute siamtansakna, siangthousakna leh thupina khuhsakna:
_bThe believers justification, sanctification and glorification
260 _aLamka:
_bStanding committe, EBC,
_c1979
300 _a31p. ;
942 _2ddc
_cBK
_01